000 00522nam a2200181Ia 4500
008 090124s9999 xx 000 0 und d
082 _b126382
100 _aकुलकर्णी वि. य.
245 _a गोकुळचा चोर
250 _a0
260 _c1994
300 _a274
600 _aकुलकर्णी वि. य.
630 _a गोकुळचा चोर
700 _aकुलकर्णी वि. य.
730 _a गोकुळचा चोर
942 _cBOOK
999 _c172472
_d172472